000 00335nam a2200121Ia 4500
008 210430s9999 xx 000 0 und d
082 _a355.0217 S1871 E
100 _aSamuel Glasstone
245 4 _aThe Effects of Nuclear Weapons Part -1
_cSamuel Glasstone
260 _aIslamabad
_bJ.Dolan
_c1964
300 _a216p
942 _cBK
_2ddc
999 _c563340
_d563340